000
00289 a2200121 4500
001
147153
040
_c
Escola São Tomás de Aquino
100
_a
RODRIGUES, Rosicler Martins
240
1
0
_a
E a vida continua...
_l
por
245
1
0
_a
E a vida continua...
697
_a
CIÊNCIAS
942
_c
BK
999
_c
147153
_d
147153